| 000 | 00427pab a2200169 454500 | ||
|---|---|---|---|
| 008 | 180718b2002 xxu||||| |||| 00| 0 eng d | ||
| 100 | _aPerera, Nelson | ||
| 245 | _aDemand for money in Sri Lanka: a cointegration approach | ||
| 260 | _c2002 | ||
| 300 | _ap.71-76. | ||
| 362 | _aJul-Sep | ||
| 650 | _aMoney - Sri Lanka | ||
| 650 | _aMoney | ||
| 700 | _aVerma, Reetu | ||
| 773 | _aIndian Economic Journal | ||
| 909 | _a55372 | ||
| 999 |
_c55372 _d55372 |
||